15 Largest Cities in Azerbaijan🇦🇿 - Statistics

General Stats
  • This quiz has been taken 48 times
  • The average score is 3 of 15
Answer Stats
Population City % Correct
2.2 million Baku
100%
332k Ganja
71%
226k Lankaran
26%
63k Sheki
26%
343k Sumgait
26%
64k Nakhchivan
21%
59k Yevlakh
12%
70k Sirvan
9%
95k Mingelchaur
6%
66k Bakixanov
3%
42k Bilajari
3%
40k Mastaga
3%
72k Qaracuxur
3%
87k Saatli
3%
53k Xankandi
3%
No matching quizzes found
Score Distribution
Percent of People with Each Score
Percentile by Number Answered
Your Score History
You have not taken this quiz